| 000 | 00649nam a2200217Ia 4500 | ||
|---|---|---|---|
| 008 | 140321s9999 xx 000 0 und d | ||
| 020 | _a9781448868124 | ||
| 050 |
_aHM 1131 _b.P67 2013 |
||
| 100 | _aPorterfield, Jason | ||
| 245 |
_aHow to beat social alienation / _cJason porterfied. |
||
| 250 | _a1st ed. | ||
| 260 |
_aNew York : _bRosen Central, _cc2013. |
||
| 300 |
_a48 p. : _bcol. ill. ; _c24 cm. |
||
| 440 | _a(Beating bullying). | ||
| 500 | _aIncludes bibliographical references and index. | ||
| 521 | _aEDUC | ||
| 650 | _aAlienation (Social psychology). | ||
| 650 | _aBehavior modification. | ||
| 942 |
_kFOR _cBK |
||
| 999 |
_c48634 _d48634 |
||